| 000 | 00530nam a22001697a 4500 | ||
|---|---|---|---|
| 003 | OSt | ||
| 005 | 20140310182509.0 | ||
| 008 | 130807t xxu||||| |||| 00| 0 eng d | ||
| 020 | _a9789715849227 | ||
| 050 |
_aRT 81.5 _b.C933 2009 |
||
| 100 |
_aCristobal, Amadeo Jr. _98958 |
||
| 245 |
_aGuidebook in research writing : _bpreparing the nursing thesis proposal / _cAmadeo Cristobal Jr. |
||
| 260 |
_aPhilippines : _bC & E Publishing, Inc., _cc2009. |
||
| 300 |
_a159 p. : _bill. ; _c26 cm. |
||
| 942 |
_2lcc _cSSLC |
||
| 999 |
_c13886 _d13886 |
||